| 000 | 00825cam a22002418a 4500 | ||
|---|---|---|---|
| 001 | 016015170 | ||
| 003 | OSt | ||
| 005 | 20201128021035.0 | ||
| 008 | 120117t2011 xxkadk frbf 001 0 eng d | ||
| 020 | _a9780857935250 | ||
| 082 | 0 | 4 |
_a658.421 _222 _bHAN |
| 245 | 0 | 0 |
_aHandbook of research on innovation and entrepreneurship / _cedited by David B. Audretsch ... [et al.] |
| 260 |
_aCheltenham ; _aNorthampton : _bEdward Elgar, _cc.2011 _f(MPG Books Group) |
||
| 300 |
_axvi, 510 p. : _bcharts, forms, tables ; _c25 cm. |
||
| 500 | _aIndex : p. 501-510. | ||
| 504 | _aIncludes bibliographical references. | ||
| 650 | 0 |
_aEntrepreneurship _9240 _2BUEsh |
|
| 651 | _2BUEsh | ||
| 653 |
_bENGGEN _cMarch2014 _cJune2015 |
||
| 655 |
_vreading book _934232 |
||
| 700 | 1 |
_aAudretsch, David B. _eeditor. _935705 |
|
| 942 |
_2ddc _k658.421 HAN |
||
| 999 |
_c18130 _d18102 |
||